00541nam a2200193 a 4500001001300000003000900013005001700022008004100039020002300080082001400103100001900117245007100136260004200207300000900249500003500258505001000293650002500303700001900328nice12345678IN_TiNIC20260116014603.0050524s2003 dela grp 000 0 eng  a019566 c57500a954bBHA1 aBhagavan, Manu aSovereign Spheres, Princes, Education and Empire in Colonial India aDelhibOxford University Press c2003 a217p aincludes index and biblioraphy2 aIndex aIndia-British Period1 aBhagavan, Manu